Normal view MARC view
  • Wells -- Study and Teaching

Entry Topical Term

Number of records used in: 1

001 - CONTROL NUMBER

  • control field: 44242

003 - CONTROL NUMBER IDENTIFIER

  • control field: NUST

005 - DATE AND TIME OF LATEST TRANSACTION

  • control field: 20210314132924.0

008 - FIXED-LENGTH DATA ELEMENTS

  • fixed length control field: 210314|| aca||aabn | a|a d

040 ## - CATALOGING SOURCE

  • Original cataloging agency: NUST
  • Transcribing agency: NUST

150 ## - HEADING--TOPICAL TERM

  • Topical term or geographic name entry element: Wells -- Study and Teaching

670 ## - SOURCE DATA FOUND

  • Source citation: Work cat.: (NUST): Nazir Ahmad 44056, Tubewell:, 19-?
© 2023 Central Library, National University of Sciences and Technology. All Rights Reserved.